20 joueurs du FC Barcelone par images - Statistiques

Statistiques générales
  • Ce quiz a été pris 266 fois
  • Le résultat moyen est 16 sur 20
Statistiques - réponses
Par images Réponse % Correct
Lionel Messi
100%
Antoine Griezmann
98%
Lamine Yamal
98%
Andrés Iniesta
97%
Ousmane Dembélé
97%
Carles Puyol
96%
Diego Maradona
95%
Pedri
95%
Ronaldo
95%
Samuel Eto'o
92%
Johan Cruyff
91%
Raphinha
91%
Sergio Busquets
90%
Ivan Rakitić
89%
Alexis Sánchez
81%
Víctor Valdés
79%
Sergiño Dest
69%
Bojan Krkić
34%
Hristo Stoitchkov
32%
Gary Lineker
25%
Aucun quiz correspondant
Distribution des résultats
% des personnes avec chaque résultat
Percentile par nombre de réponses
Votre historique - résultats
Vous n’avez pas pris ce quiz